Statistics for 香港地圖 Hong Kong Map Quiz

Click here to take the quiz!

General Stats

  • This quiz has been taken 889 times
  • The average score is 13 of 18

Answers on the Map

Answers color-coded by a green-red scale on the quiz's map according to % correct below.
 

Answer Stats

區劃% Correct
元朗區
80%
北區
80%
屯門區
76%
西貢區
76%
東區
75%
沙田區
75%
離島區
75%
南區
75%
荃灣區
74%
大埔區
71%
灣仔區
70%
油尖旺區
69%
觀塘區
67%
九龍城區
65%
黃大仙區
64%
深水埗區
63%
中西區
62%
葵青區
61%

Score Distribution

Percentile by Number Answered

Percent of People with Each Score

Your Score History

You have not taken this quiz